[Event "28.Alpenpokal"]
[Site "?"]
[Date "2002.??.??"]
[Round "6"]
[White "Feller, Joseph"]
[Black "Macher, Claus"]
[Result "1/2-1/2"]
[WhiteElo "2209"]
[BlackElo "1903"]
[Annotator "ChessOrg"]
[PlyCount "115"]

1. e4 c5 2. b4 cxb4 3. a3 d5 4. exd5 Qxd5 5. Nf3 Bg4 6. Be2 e6 7. O-O Nf6 8.
Bb2 Qd8 9. Ne5 Bxe2 10. Qxe2 a6 11. Re1 Be7 12. axb4 Bxb4 13. Ra4 Be7 14. Nc3
O-O 15. Ne4 Nd5 16. Ng3 Nd7 17. Nxd7 Qxd7 18. Rg4 g6 19. c4 f5 20. Rd4 Bf6 21.
cxd5 Bxd4 22. Bxd4 Qxd5 23. Qe5 Qxe5 24. Rxe5 Kf7 25. h4 Rfd8 26. Bc3 Rd5 27.
Re1 a5 28. Ne2 b5 29. Ra1 a4 30. Nf4 Rc5 31. Nd3 Rd5 32. Nb4 Rc5 33. f4 Rc4 34.
g3 Rac8 35. Kf2 R8c7 36. Nd3 Ke8 37. Rb1 Rb7 38. Ne5 Rc8 39. Ke2 Ke7 40. h5
gxh5 41. Bb4+ Ke8 42. Rh1 Ra8 43. Ra1 Rc8 44. Nd3 Rc4 45. Rb1 Rc6 46. Nc5 Rg7
47. Kf2 Rgc7 48. d4 Kf7 49. Rh1 Kg6 50. Nd3 Rc2+ 51. Ke3 Ra2 52. Ne5+ Kg7 53.
Kf3 Rcc2 54. Rxh5 h6 55. d5 Rf2+ 56. Ke3 exd5 57. Rxf5 Rfb2 58. Rf7+ 1/2-1/2

[Event "28.Alpenpokal"]
[Site "?"]
[Date "2002.??.??"]
[Round "6"]
[White "Reinkoester, Michael"]
[Black "Doehner, Hans-Juergen"]
[Result "1-0"]
[WhiteElo "1786"]
[BlackElo "2171"]
[Annotator "ChessOrg"]
[PlyCount "93"]

1. d4 d5 2. c4 e6 3. Nc3 c6 4. Nf3 Nf6 5. Bg5 dxc4 6. e3 b5 7. a4 Bb4 8. axb5
cxb5 9. Be2 Bxc3+ 10. bxc3 Bb7 11. O-O O-O 12. Qb1 Qd5 13. Bxf6 gxf6 14. Ra5 a6
15. Ne1 Nc6 16. Bf3 Qg5 17. Ra2 Kh8 18. e4 Rfd8 19. Nc2 Ne7 20. Ne3 Rab8 21. g3
f5 22. Bg2 f4 23. Nc2 f6 24. Nb4 Ra8 25. Qa1 f5 26. Nxa6 Bxe4 27. Bxe4 fxe4 28.
Nc5 Rxa2 29. Qxa2 Qd5 30. Qe2 e5 31. Nxe4 exd4 32. cxd4 Qxd4 33. Ng5 Qf6 34.
Qh5 Kg8 35. Qxh7+ Kf8 36. Qh5 Qg6 37. Qxg6 Nxg6 38. Ne6+ Ke7 39. Nxd8 Kxd8 40.
Rb1 Kc7 41. Rxb5 Kc6 42. Rb8 Kd5 43. Kf1 fxg3 44. fxg3 Kd4 45. Rd8+ Kc3 46. Ke2
Kc2 47. h4 1-0

[Event "28.Alpenpokal"]
[Site "?"]
[Date "2002.??.??"]
[Round "6"]
[White "Mueller, Helmut"]
[Black "Bierwisch, Bernhard"]
[Result "0-1"]
[WhiteElo "1870"]
[BlackElo "2167"]
[Annotator "ChessOrg"]
[PlyCount "44"]

1. e4 c5 2. Nf3 Nc6 3. Bc4 e6 4. Nc3 Nf6 5. e5 Ng4 6. Qe2 Qc7 7. Nb5 Qb8 8. d4
cxd4 9. Bf4 f6 10. Nfxd4 Ngxe5 11. O-O-O a6 12. Nxc6 bxc6 13. Bxe5 fxe5 14. Nc3
d5 15. Bb3 Qc7 16. g3 Bd6 17. Qh5+ Qf7 18. Qxf7+ Kxf7 19. a3 Rf8 20. Ba4 Bb7
21. b4 Ke7 22. Rhf1 a5 0-1

[Event "28.Alpenpokal"]
[Site "?"]
[Date "2002.??.??"]
[Round "6"]
[White "Zuri, Amin-Barin"]
[Black "Varain, Ernst-Helmut"]
[Result "1/2-1/2"]
[WhiteElo "1844"]
[BlackElo "2077"]
[Annotator "ChessOrg"]
[PlyCount "68"]

1. d4 Nf6 2. c4 g6 3. Nc3 d5 4. Nf3 Bg7 5. cxd5 Nxd5 6. e4 Nxc3 7. bxc3 c5 8.
Be3 Qa5 9. Qb3 O-O 10. Bc4 cxd4 11. Nxd4 Nd7 12. O-O a6 13. Rac1 Nc5 14. Qc2
Qc7 15. Be2 b5 16. f3 Bd7 17. c4 b4 18. f4 Rfd8 19. e5 Rab8 20. Bf3 e6 21. Rfd1
Bf8 22. Qf2 Na4 23. Nb3 Bc6 24. c5 Bxf3 25. gxf3 Rxd1+ 26. Rxd1 Rc8 27. h4 Nc3
28. Rd6 a5 29. Qd2 Nd5 30. Bd4 Bh6 31. c6 Bxf4 32. Qc2 Ne3 33. Qc5 Nf5 34. Rd7
Qb8 1/2-1/2

[Event "28.Alpenpokal"]
[Site "?"]
[Date "2002.??.??"]
[Round "6"]
[White "Wahl, Frithjof"]
[Black "Reinke, Kurt"]
[Result "1/2-1/2"]
[WhiteElo "2008"]
[BlackElo "1863"]
[Annotator "ChessOrg"]
[PlyCount "72"]

1. e4 c5 2. Nc3 Nc6 3. g3 d6 4. Bg2 Nf6 5. d3 g6 6. Nge2 Bg7 7. O-O O-O 8. Bd2
Bg4 9. h3 Bd7 10. Kh2 Rb8 11. Nd5 e6 12. Nxf6+ Bxf6 13. c3 Bg7 14. Qc1 Ne5 15.
Qc2 Bb5 16. c4 Bd7 17. Bc3 b5 18. f4 b4 19. Bd2 Nc6 20. Be3 Qb6 21. Qd2 e5 22.
f5 f6 23. h4 Ne7 24. g4 Kf7 25. Bh3 Rh8 26. Bh6 Ng8 27. g5 Qd8 28. Bxg7 Kxg7
29. Ng3 h6 30. gxf6+ Nxf6 31. Qg2 g5 32. Qf3 Be8 33. Rg1 Kf8 34. Bg4 Rb7 35. h5
a5 36. Nf1 a4 1/2-1/2

[Event "28.Alpenpokal"]
[Site "?"]
[Date "2002.??.??"]
[Round "6"]
[White "Jaeger, Erich"]
[Black "Emde, Rainer"]
[Result "1/2-1/2"]
[WhiteElo "1906"]
[BlackElo "1800"]
[Annotator "ChessOrg"]
[PlyCount "31"]

1. d4 d5 2. c4 e6 3. Nc3 c5 4. cxd5 exd5 5. Nf3 Nc6 6. g3 Nf6 7. Bg2 Be7 8. O-O
O-O 9. dxc5 d4 10. Na4 Bf5 11. Nh4 Be4 12. f3 Bd5 13. Nf5 Bc4 14. Re1 Re8 15.
Nxe7+ Rxe7 16. Bg5 1/2-1/2

[Event "28.Alpenpokal"]
[Site "?"]
[Date "2002.??.??"]
[Round "6"]
[White "Jolowicz, Matias"]
[Black "Zoefel, Peter"]
[Result "1-0"]
[WhiteElo "2275"]
[BlackElo "2070"]
[Annotator "ChessOrg"]
[PlyCount "45"]

1. d4 d5 2. c4 e6 3. Nc3 c6 4. cxd5 exd5 5. Qc2 Nf6 6. Bg5 Be7 7. e3 O-O 8. Bd3
Nbd7 9. Nge2 h6 10. Bf4 Nb6 11. h3 Bd6 12. g4 Bxf4 13. Nxf4 Bd7 14. O-O-O Rc8
15. Kb1 c5 16. dxc5 Rxc5 17. Qb3 g5 18. Nfe2 Qb8 19. Qb4 Rfc8 20. Qd4 Qd6 21.
h4 Bxg4 22. hxg5 hxg5 23. Ne4 1-0

[Event "28.Alpenpokal"]
[Site "?"]
[Date "2002.??.??"]
[Round "6"]
[White "Watson, Ron"]
[Black "Angerer, Martin"]
[Result "1-0"]
[WhiteElo "2200"]
[BlackElo "1991"]
[Annotator "ChessOrg"]
[PlyCount "43"]

1. d4 Nf6 2. Bg5 c5 3. Nc3 cxd4 4. Qxd4 Nc6 5. Qh4 Qb6 6. O-O-O d6 7. e4 Bd7 8.
Nf3 O-O-O 9. h3 Be6 10. Nd5 Qa5 11. Bc4 Kb8 12. Rhe1 Rc8 13. Bb3 g6 14. Bxf6
exf6 15. Qxf6 Rg8 16. Qc3 Qd8 17. Qd2 Na5 18. Nd4 Nxb3+ 19. axb3 Bxd5 20. exd5
Bg7 21. Qb4 Rc5 22. Nc6+ 1-0

[Event "28.Alpenpokal"]
[Site "?"]
[Date "2002.??.??"]
[Round "6"]
[White "Graf, Joachim"]
[Black "Schulz, Toni"]
[Result "1-0"]
[WhiteElo "2171"]
[BlackElo "1950"]
[Annotator "ChessOrg"]
[PlyCount "81"]

1. d4 Nf6 2. Nf3 g6 3. c4 Bg7 4. Nc3 O-O 5. g3 d6 6. Bg2 Nc6 7. O-O a6 8. h3
Rb8 9. Be3 Nd7 10. Rc1 e5 11. d5 Ne7 12. Nh4 h6 13. f4 f5 14. Nf3 Kh7 15. b4 b6
16. Bf2 Ng8 17. e4 fxe4 18. Nxe4 exf4 19. gxf4 Rxf4 20. Nd4 Ne5 21. c5 Rxe4 22.
Bxe4 Bxh3 23. Ne6 Bxe6 24. dxe6 Qg5+ 25. Bg2 bxc5 26. bxc5 Rb4 27. Be1 Rd4 28.
Qc2 Rc4 29. Qxc4 Nxc4 30. Rxc4 dxc5 31. Bf2 Bf8 32. Kh1 Bd6 33. Re1 Ne7 34. Bh4
Qd2 35. Rce4 Qxa2 36. Bxe7 Bxe7 37. Rf1 Bd6 38. e7 Bxe7 39. Rxe7+ Kg8 40. Rd1
Kf8 41. Rxc7 1-0

[Event "28.Alpenpokal"]
[Site "?"]
[Date "2002.??.??"]
[Round "6"]
[White "Winter, Rudolf"]
[Black "Maugg, Ludwig"]
[Result "1/2-1/2"]
[WhiteElo "1640"]
[BlackElo "2141"]
[Annotator "ChessOrg"]
[PlyCount "52"]

1. d4 Nf6 2. Nf3 g6 3. Bg5 Bg7 4. e3 d6 5. Nbd2 O-O 6. Bd3 Nbd7 7. c3 Qe8 8.
O-O e5 9. e4 h6 10. Be3 Ng4 11. h3 Nxe3 12. fxe3 Qe7 13. Qe1 Nb6 14. Rc1 Be6
15. b3 Rad8 16. c4 exd4 17. exd4 c5 18. d5 Bc8 19. Qg3 Nd7 20. Rce1 Ne5 21. Bb1
a6 22. Kh1 b5 23. Nxe5 Bxe5 24. Qe3 Bg7 25. Nf3 Rfe8 26. Qf4 g5 1/2-1/2

[Event "28.Alpenpokal"]
[Site "?"]
[Date "2002.??.??"]
[Round "6"]
[White "Boeven, Manfred"]
[Black "Eidam, Horst"]
[Result "1-0"]
[WhiteElo "2126"]
[BlackElo "1889"]
[Annotator "ChessOrg"]
[PlyCount "53"]

1. d4 Nf6 2. Nc3 d5 3. Bg5 e6 4. Nf3 Be7 5. e3 h6 6. Bh4 b6 7. Bd3 O-O 8. O-O
Ba6 9. Ne5 Bxd3 10. Qxd3 Nfd7 11. Bxe7 Qxe7 12. f4 c5 13. Rf3 Nxe5 14. fxe5 a6
15. Raf1 Nc6 16. Ne2 b5 17. c3 b4 18. e4 bxc3 19. bxc3 cxd4 20. cxd4 Nb4 21.
Qe3 dxe4 22. Rg3 Kh8 23. Rf6 Nd5 24. Rxh6+ Kg8 25. Qxe4 f5 26. exf6 Rxf6 27.
Qh7+ 1-0

[Event "28.Alpenpokal"]
[Site "?"]
[Date "2002.??.??"]
[Round "6"]
[White "Felten, Joachim"]
[Black "Korhonen, Erkki"]
[Result "0-1"]
[WhiteElo "2099"]
[BlackElo "1800"]
[Annotator "ChessOrg"]
[PlyCount "60"]

1. e4 c5 2. Nf3 g6 3. d4 cxd4 4. Nxd4 Bg7 5. Nc3 d6 6. Be3 Nf6 7. Bc4 O-O 8. f3
Nc6 9. Qd2 Bd7 10. O-O-O Rc8 11. Bb3 Ne5 12. Bh6 Bxh6 13. Qxh6 Rxc3 14. bxc3
Qa5 15. Kb1 Rc8 16. h4 Nc4 17. h5 g5 18. Nf5 Bxf5 19. Qxg5+ Kh8 20. exf5 Qxc3
21. Qc1 Qb4 22. Rd3 Ne5 23. Rdd1 Nc4 24. Rhe1 a5 25. c3 Qb5 26. Rd4 a4 27. Rxc4
Rxc4 28. Rxe7 axb3 29. a3 Qxf5+ 30. Kb2 Nd5 0-1

[Event "28.Alpenpokal"]
[Site "?"]
[Date "2002.??.??"]
[Round "6"]
[White "Gerhards, Walter"]
[Black "Moehring, Norbert"]
[Result "0-1"]
[WhiteElo "2086"]
[BlackElo "1818"]
[Annotator "ChessOrg"]
[PlyCount "98"]

1. e4 e5 2. Nf3 Nf6 3. Nxe5 d6 4. Nf3 Nxe4 5. d4 d5 6. Bd3 Nc6 7. O-O Be7 8. c4
Nb4 9. Be2 O-O 10. Nc3 Bf5 11. Be3 Nxc3 12. bxc3 Nc2 13. Rc1 Nxe3 14. fxe3 Ba3
15. Ne5 Bxc1 16. Qxc1 Be4 17. cxd5 f6 18. Nf3 Bxd5 19. c4 Bf7 20. Bd3 Qe7 21.
Nh4 Rfe8 22. Nf5 Qf8 23. e4 Rad8 24. Qe3 Bg6 25. Nh4 Qd6 26. Nf3 Re7 27. c5 Qe6
28. Nd2 Qd7 29. d5 Kh8 30. Qf4 Rde8 31. g4 Qa4 32. Qf2 Qxa2 33. g5 Rf7 34. Bc4
Qb2 35. d6 Rd7 36. gxf6 cxd6 37. f7 Rf8 38. Be6 Rdd8 39. Rb1 Qe5 40. Bd5 dxc5
41. Rxb7 a5 42. Nf3 Qh5 43. Nh4 Qg4+ 44. Qg3 Qd1+ 45. Kg2 Qe2+ 46. Kh3 Bxe4 47.
Re7 Rxd5 48. Re8 Qf1+ 49. Ng2 Rh5+ 0-1

[Event "28.Alpenpokal"]
[Site "?"]
[Date "2002.??.??"]
[Round "6"]
[White "Froehlich, Rainer"]
[Black "Martino-Gross, Peter"]
[Result "1-0"]
[WhiteElo "1933"]
[BlackElo "1963"]
[Annotator "ChessOrg"]
[PlyCount "87"]

1. c4 e5 2. Nc3 Nc6 3. g3 Bb4 4. Nd5 Bc5 5. Bg2 Nge7 6. e3 O-O 7. Ne2 Nxd5 8.
cxd5 Ne7 9. O-O d6 10. d4 exd4 11. Nxd4 Nf5 12. Nb3 Bb6 13. a4 a6 14. a5 Ba7
15. e4 Ne7 16. Re1 Ng6 17. Be3 Bxe3 18. Rxe3 Ne5 19. Rc1 Bd7 20. f4 Ng4 21.
Rec3 Rc8 22. h3 Nf6 23. e5 Ne8 24. Nd4 dxe5 25. fxe5 Qg5 26. Qe1 Rd8 27. e6
fxe6 28. dxe6 Bc8 29. e7 Rxd4 30. exf8=Q+ Kxf8 31. Rf3+ Nf6 32. Rxc7 Bd7 33.
Rxb7 Kf7 34. Kh2 Kg6 35. Qb1+ Kh6 36. Rb6 Rd2 37. Rf4 Qxa5 38. Rh4+ Kg5 39. Qc1
Qd5 40. Qf1 Bb5 41. Qf4+ Kg6 42. Rg4+ Kf7 43. Rxg7+ Kf8 44. Qxf6+ 1-0

[Event "28.Alpenpokal"]
[Site "?"]
[Date "2002.??.??"]
[Round "6"]
[White "Rueggeberg, Wilhelm"]
[Black "Schuler, Georg"]
[Result "1-0"]
[WhiteElo "1847"]
[BlackElo "2148"]
[Annotator "ChessOrg"]
[PlyCount "57"]

1. d4 Nf6 2. Nf3 c5 3. e3 g6 4. c4 Bg7 5. Nc3 b6 6. d5 d6 7. Bd3 O-O 8. O-O
Nbd7 9. e4 Ne5 10. Nxe5 dxe5 11. f4 exf4 12. Bxf4 Nh5 13. Qd2 Nxf4 14. Qxf4 e6
15. Rac1 Bd4+ 16. Kh1 e5 17. Qg3 Kg7 18. Rc2 a5 19. Nb5 Qe7 20. d6 Qd8 21. Nxd4
exd4 22. e5 Be6 23. Be4 Ra7 24. Bd5 Rd7 25. Rcf2 Rg8 26. Rf6 Bxd5 27. cxd5 Qe8
28. e6 fxe6 29. dxe6 1-0

[Event "28.Alpenpokal"]
[Site "?"]
[Date "2002.??.??"]
[Round "6"]
[White "Weber, Gerhard"]
[Black "Buesdorf, Konrad"]
[Result "1-0"]
[WhiteElo "2136"]
[BlackElo "1796"]
[Annotator "ChessOrg"]
[PlyCount "38"]

1. e4 e5 2. Nf3 Nc6 3. Bc4 Bc5 4. c3 d6 5. d4 exd4 6. cxd4 Bb6 7. O-O Nf6 8.
Nc3 O-O 9. h3 h6 10. Bf4 Bd7 11. Qd2 Nh7 12. Nd5 Ba5 13. b4 Bb6 14. a4 Re8 15.
a5 Bxd4 16. Nxd4 Rxe4 17. Be3 Ne5 18. Be2 c6 19. Nc3 Qf6 1-0

[Event "28.Alpenpokal"]
[Site "?"]
[Date "2002.??.??"]
[Round "6"]
[White "Rodemann, Edmund"]
[Black "Marek, Herbert"]
[Result "1-0"]
[WhiteElo "2064"]
[BlackElo "1727"]
[Annotator "ChessOrg"]
[PlyCount "93"]

1. e4 c5 2. Nc3 Nc6 3. f4 e6 4. Nf3 a6 5. d3 b5 6. g3 d5 7. Bg2 d4 8. Ne2 Bb7
9. O-O h5 10. h3 Nf6 11. e5 Nd5 12. Ng5 Be7 13. Ne4 Qc7 14. Kh1 O-O-O 15. Ng1
Ne3 16. Bxe3 dxe3 17. Re1 g5 18. Rxe3 Nd4 19. Re1 gxf4 20. gxf4 Rdg8 21. Nf3
Rxg2 22. Kxg2 Nxf3 23. Qxf3 f5 24. exf6 Bxf6 25. c3 Rg8+ 26. Kh2 c4 27. Qe3 Bh4
28. Rg1 Rd8 29. d4 Qh7 30. Rae1 Bxe1 31. Rxe1 Qg6 32. Re2 Bxe4 33. Qxe4 Qxe4
34. Rxe4 Kd7 35. Re5 Rf8 36. Kg3 h4+ 37. Kg4 Kd6 38. Kxh4 Rxf4+ 39. Kg3 Rf1 40.
a3 Rg1+ 41. Kh2 Rb1 42. Re2 Rf1 43. h4 Rf5 44. Kg3 a5 45. Re5 b4 46. Rxf5 bxc3
47. Rf2 1-0

[Event "28.Alpenpokal"]
[Site "?"]
[Date "2002.??.??"]
[Round "6"]
[White "Tauscher, Max"]
[Black "Heissenbuettel, Hans-Erich"]
[Result "0-1"]
[WhiteElo "1675"]
[BlackElo "1923"]
[Annotator "ChessOrg"]
[PlyCount "84"]

1. e4 c5 2. Nf3 d6 3. d4 cxd4 4. Nxd4 Nf6 5. Nc3 a6 6. Be2 Nbd7 7. O-O b5 8. a3
Bb7 9. Bd3 g6 10. Nce2 Nc5 11. Ng3 Bg7 12. Be3 h5 13. f3 Rc8 14. Qd2 Qc7 15.
Rab1 Ncd7 16. Nde2 d5 17. Rfd1 dxe4 18. Nxe4 O-O 19. Nxf6+ Nxf6 20. Kh1 Rfd8
21. Qe1 Nd5 22. Bd2 Re8 23. Ba5 Qb8 24. Bd2 e6 25. b3 Be5 26. Qg1 Qc7 27. Be4
Bf6 28. Qf2 Nb6 29. Bxb7 Qxb7 30. c3 Qc6 31. Rbc1 Red8 32. Qe1 Qc5 33. Qg1
Qxg1+ 34. Kxg1 Rd3 35. Nf4 Rd6 36. Ne2 Rcd8 37. Rc2 a5 38. Kf1 a4 39. bxa4 Nc4
40. Ke1 Ne3 41. Bxe3 Rxd1+ 42. Kf2 bxa4 0-1

[Event "28.Alpenpokal"]
[Site "?"]
[Date "2002.??.??"]
[Round "6"]
[White "Spurga, Josef"]
[Black "Josting, Friedel"]
[Result "0-1"]
[WhiteElo "1899"]
[BlackElo "1862"]
[Annotator "ChessOrg"]
[PlyCount "102"]

1. d4 e6 2. c4 c5 3. d5 exd5 4. cxd5 d6 5. Nc3 g6 6. e4 Bg7 7. Bd3 Nf6 8. Nge2
O-O 9. O-O a6 10. a4 Re8 11. Bg5 Nbd7 12. Qc1 Qc7 13. Ng3 Rb8 14. Qf4 c4 15.
Bc2 b5 16. axb5 axb5 17. Nce2 Bb7 18. Qd2 Nc5 19. f3 Bc8 20. Nd4 Bd7 21. Rfd1
Ra8 22. Rxa8 Rxa8 23. Bf4 Na4 24. Qb4 Ne8 25. Nge2 Qc5 26. Qxc5 dxc5 27. Nc6
Nxb2 28. Rb1 Bxc6 29. dxc6 Rc8 30. e5 Nd3 31. Bxd3 cxd3 32. Nc1 c4 33. Rxb5
Rxc6 34. Rb8 Kf8 35. Kf1 Ke7 36. Ke1 Kd7 37. Kd2 Nc7 38. Rb7 Kc8 39. Ra7 Kb8
40. Ra5 Bf8 41. Na2 Kb7 42. Be3 Ra6 43. Rxa6 Kxa6 44. Bd4 Nd5 45. g3 Kb5 46.
Bb2 Bc5 47. Bc3 Ka4 48. Ba1 Be3+ 49. Kd1 Kb3 50. Nc1+ Bxc1 51. Kxc1 c3 0-1

[Event "28.Alpenpokal"]
[Site "?"]
[Date "2002.??.??"]
[Round "6"]
[White "Fehres, Werner"]
[Black "Kahler, Kurt"]
[Result "0-1"]
[WhiteElo "2104"]
[BlackElo "1745"]
[Annotator "ChessOrg"]
[PlyCount "116"]

1. e4 c5 2. f4 d5 3. e5 Nc6 4. c3 d4 5. d3 Qb6 6. c4 Nh6 7. Nf3 Bg4 8. Be2 Nf5
9. O-O Rd8 10. Nxd4 Bxe2 11. Nxe2 Nb4 12. Rf3 Qg6 13. Nbc3 Nc6 14. Ne4 Nh4 15.
N2g3 Nxf3+ 16. gxf3 Nb4 17. Nd6+ Rxd6 18. exd6 Qxd6 19. Ne4 Qd4+ 20. Nf2 e6 21.
Qe2 Be7 22. Be3 Qd7 23. Re1 O-O 24. a3 Nc6 25. Qd1 Nd4 26. Rf1 Rd8 27. Kg2 Nf5
28. Bc1 Qd4 29. Qe2 b6 30. Rd1 Qf6 31. Kh1 Nd4 32. Qe4 Qh4 33. Be3 Nc2 34. Ng4
Nxe3 35. Qxe3 Rd4 36. Rg1 Bd6 37. Qf2 Qxf2 38. Nxf2 Bxf4 39. Rd1 Bc7 40. Kg2 f5
41. Re1 Kf7 42. Rd1 Kf6 43. Nh3 g5 44. Ng1 Be5 45. Ne2 Rh4 46. Ng3 Bxb2 47. a4
Be5 48. Rf1 h5 49. Rf2 Kg6 50. Re2 Kf6 51. Re1 Bxg3 52. hxg3 Rd4 53. Rd1 e5 54.
Kf2 e4 55. fxe4 fxe4 56. Ke2 exd3+ 57. Ke3 Rxc4 58. Rxd3 Rxa4 0-1

[Event "28.Alpenpokal"]
[Site "?"]
[Date "2002.??.??"]
[Round "6"]
[White "Walther, Diethelm"]
[Black "Otto, Matthias"]
[Result "1-0"]
[WhiteElo "2101"]
[BlackElo "1660"]
[Annotator "ChessOrg"]
[PlyCount "71"]

1. d4 Nf6 2. Bg5 g6 3. Bxf6 exf6 4. e4 Bg7 5. Bd3 O-O 6. Nf3 Nc6 7. c3 d5 8.
O-O b6 9. Nbd2 Bb7 10. Qc2 a6 11. a4 Qd7 12. exd5 Qxd5 13. b4 f5 14. Rfe1 Rfe8
15. Bc4 Qd7 16. Qb3 Na7 17. Ng5 Rf8 18. Ne6 Rfe8 19. Nxg7 Kxg7 20. Be2 Re7 21.
Bf3 c6 22. Rxe7 Qxe7 23. g3 Rd8 24. Qb2 Nc8 25. a5 b5 26. Nb3 Nd6 27. Nc5 Nc4
28. Qe2 Qc7 29. Re1 Kf8 30. Nxb7 Qxb7 31. Bxc6 Qc7 32. d5 Rc8 33. Kg2 Nd6 34.
f3 Nb7 35. Qe3 Nd8 36. Qh6+ 1-0

[Event "28.Alpenpokal"]
[Site "?"]
[Date "2002.??.??"]
[Round "6"]
[White "Johne, Siegfried"]
[Black "Herzog, Manfred"]
[Result "1/2-1/2"]
[WhiteElo "1832"]
[BlackElo "1740"]
[Annotator "ChessOrg"]
[PlyCount "49"]

1. e4 g6 2. d4 Bg7 3. Nc3 d6 4. Bg5 h6 5. Be3 Nf6 6. Nf3 Nbd7 7. Qd2 Ng4 8. Bf4
e5 9. dxe5 Ndxe5 10. Nxe5 Nxe5 11. O-O-O Be6 12. Kb1 Nc4 13. Bxc4 Bxc4 14. e5
dxe5 15. Qe3 Qe7 16. Rhe1 f6 17. Qe4 Qf7 18. Qxb7 O-O 19. Be3 Rfb8 20. Qc6 Be6
21. Bc5 f5 22. a3 e4 23. Bd4 Bf8 24. Bc5 Bg7 25. Bd4 1/2-1/2

[Event "28.Alpenpokal"]
[Site "?"]
[Date "2002.??.??"]
[Round "6"]
[White "Schulz, Hermann"]
[Black "Moerger, Karl-Heinz"]
[Result "0-1"]
[WhiteElo "1667"]
[BlackElo "1782"]
[Annotator "ChessOrg"]
[PlyCount "60"]

1. e4 e6 2. d4 d5 3. exd5 exd5 4. Bd3 Bd6 5. Nf3 Nf6 6. Bg5 Qe7+ 7. Qe2 Qxe2+
8. Bxe2 Ne4 9. O-O O-O 10. Nbd2 Nxg5 11. Nxg5 h6 12. Ngf3 Bf5 13. c3 Nd7 14.
Rfe1 a5 15. c4 dxc4 16. Bxc4 Nb6 17. a3 Na4 18. b3 Nb2 19. Ra2 Nxc4 20. Nxc4
Be6 21. Nxd6 cxd6 22. Rb2 Rfc8 23. Nd2 Rc3 24. Ne4 Rxb3 25. Rxb3 Bxb3 26. Nxd6
Rb8 27. Re8+ Rxe8 28. Nxe8 b5 29. Kf1 b4 30. axb4 a4 0-1

[Event "28.Alpenpokal"]
[Site "?"]
[Date "2002.??.??"]
[Round "6"]
[White "Schenfeld, Waldemar"]
[Black "Panneke, Kurt"]
[Result "0-1"]
[WhiteElo "1429"]
[BlackElo "1764"]
[Annotator "ChessOrg"]
[PlyCount "88"]

1. d4 e5 2. dxe5 Nc6 3. Nf3 Qe7 4. Nbd2 Nxe5 5. Nxe5 Qxe5 6. Nf3 Qc5 7. e3 Nf6
8. Be2 Be7 9. c3 c6 10. O-O d5 11. Qc2 Ne4 12. Nd4 Bd7 13. Bd3 Nf6 14. a4 a5
15. b3 O-O 16. Ba3 Qxa3 17. Rxa3 Bxa3 18. c4 h6 19. Qe2 Rfe8 20. cxd5 Nxd5 21.
Bc4 Bc5 22. Qd3 Nb4 23. Qd1 Re7 24. Nc2 Na6 25. Qh5 b6 26. Rd1 Nc7 27. Qf3 g6
28. Qf4 Bf5 29. Nd4 Rd8 30. Qf3 Be4 31. Qf6 b5 32. Bxf7+ Rxf7 33. Qxd8+ Kg7 34.
Nf3 Bd5 35. axb5 Nxb5 36. Rxd5 cxd5 37. Qxd5 Rc7 38. g3 Nd6 39. Nd4 Bxd4 40.
Qxd6 Rc1+ 41. Kg2 Bc3 42. Qe7+ Kg8 43. h4 Bb4 44. g4 Bxe7 0-1

[Event "28.Alpenpokal"]
[Site "?"]
[Date "2002.??.??"]
[Round "6"]
[White "Thonig, Manfred"]
[Black "Woell, Josef"]
[Result "0-1"]
[WhiteElo "1551"]
[BlackElo "1756"]
[Annotator "ChessOrg"]
[PlyCount "110"]

1. f4 d5 2. Nf3 c6 3. b3 Bf5 4. e3 Nd7 5. Bb2 Ngf6 6. Be2 e6 7. Ne5 Ne4 8. O-O
Nxe5 9. fxe5 Bc5 10. d4 Be7 11. Bd3 Bg6 12. c3 Qa5 13. b4 Qc7 14. a4 O-O 15.
Nd2 Nxc3 16. Bxc3 Bxd3 17. Rf3 Bg6 18. Qe1 b6 19. a5 c5 20. axb6 axb6 21. Rc1
c4 22. e4 b5 23. exd5 exd5 24. Qg3 f5 25. Rf4 Ra3 26. Rb1 Qd8 27. h4 Bh5 28.
Rbf1 Bg4 29. Nb1 Rb3 30. Nd2 Bxh4 31. Qe3 Ra3 32. e6 Be7 33. Nf3 Bxf3 34. R4xf3
g6 35. Qh6 Bg5 36. Qh3 Qe7 37. Re1 Ra6 38. Rff1 Rxe6 39. Rxe6 Qxe6 40. Re1 Qd7
41. Qg3 Bf6 42. Qe3 Kf7 43. Qh6 Bg7 44. Qh3 Re8 45. Rf1 Qe7 46. g4 Qe3+ 47.
Qxe3 Rxe3 48. Be1 Bxd4 49. Kg2 Ke6 50. g5 f4 51. Rh1 Kf5 52. Bh4 Rb3 53. Rd1
Ke4 54. Re1+ Be3 55. Bf2 Rb2 0-1

[Event "28.Alpenpokal"]
[Site "?"]
[Date "2002.??.??"]
[Round "6"]
[White "Schneider, Miloca"]
[Black "Braunstein, Richard"]
[Result "1-0"]
[WhiteElo "2078"]
[BlackElo "1566"]
[Annotator "ChessOrg"]
[PlyCount "53"]

1. d4 Nf6 2. c4 g6 3. Nc3 Bg7 4. e4 d6 5. Bd3 O-O 6. Nge2 Nc6 7. f3 Re8 8. Be3
e5 9. d5 Ne7 10. g4 c6 11. Qd2 Bd7 12. O-O-O a6 13. Kb1 cxd5 14. cxd5 Kh8 15.
h4 h5 16. gxh5 Nxh5 17. Rdg1 b5 18. Ng3 b4 19. Nce2 Bb5 20. Nxh5 Bxd3+ 21. Qxd3
gxh5 22. Ng3 Ng6 23. Nxh5 Rg8 24. Nxg7 Rxg7 25. h5 Nh4 26. Rxg7 Kxg7 27. Bf2
1-0

[Event "28.Alpenpokal"]
[Site "?"]
[Date "2002.??.??"]
[Round "6"]
[White "Aufmwasser, Guenter"]
[Black "Johannsen, Ingbert"]
[Result "0-1"]
[WhiteElo "1616"]
[BlackElo "2037"]
[Annotator "ChessOrg"]
[PlyCount "88"]

1. d4 e6 2. e3 d5 3. Bd3 c5 4. c3 Nf6 5. f4 Be7 6. Nf3 Nbd7 7. O-O Qc7 8. Nbd2
O-O 9. Ne5 Rd8 10. Ndf3 Ne4 11. Nxd7 Bxd7 12. Ne5 Be8 13. Qe1 f6 14. Nf3 b5 15.
Qh4 c4 16. Bc2 a5 17. Nd2 f5 18. Qe1 Nf6 19. Nf3 Nd7 20. Bd2 Rdb8 21. h4 Ra6
22. Ne5 Nxe5 23. fxe5 Bh5 24. Bd1 Bxd1 25. Rxd1 Qd8 26. g3 b4 27. Rb1 Qe8 28.
Qe2 Qg6 29. Kh2 Rab6 30. cxb4 axb4 31. h5 Qe8 32. g4 g6 33. e4 fxe4 34. Bh6 Ra8
35. hxg6 Qxg6 36. g5 Rxa2 37. Qf2 Rb8 38. Ra1 Rxa1 39. Rxa1 Qh5+ 40. Kg2 Bxg5
41. Bxg5 Qxg5+ 42. Kh2 Rf8 43. Qe2 Qh4+ 44. Kg1 Rf3 0-1

[Event "28.Alpenpokal"]
[Site "?"]
[Date "2002.??.??"]
[Round "6"]
[White "Dittler, Volkfried"]
[Black "Drewitz, Friedel"]
[Result "0-1"]
[WhiteElo "1623"]
[BlackElo "1825"]
[Annotator "ChessOrg"]
[PlyCount "72"]

1. d4 d5 2. Nf3 e6 3. Bf4 c6 4. e3 Nf6 5. Bd3 Nbd7 6. h3 Be7 7. Nbd2 c5 8. c4
cxd4 9. exd4 Qb6 10. Qc2 Bb4 11. c5 Bxd2+ 12. Qxd2 Qd8 13. Bd6 Ne4 14. Bxe4
dxe4 15. Ng5 Nf6 16. h4 Bd7 17. O-O-O h6 18. Qe2 Bc6 19. f3 exf3 20. gxf3 Bd5
21. Qb5+ Bc6 22. Qb4 Nd5 23. Qe1 hxg5 24. hxg5 Kd7 25. Qe5 f6 26. Rxh8 Qxh8 27.
gxf6 gxf6 28. Qe1 Qh6+ 29. Kb1 Qg6+ 30. Ka1 Rg8 31. a3 Qc2 32. Rd2 Qf5 33. Re2
Bb5 34. Re4 Bd3 35. Rh4 Qxf3 36. Rh7+ Bxh7 0-1

[Event "28.Alpenpokal"]
[Site "?"]
[Date "2002.??.??"]
[Round "6"]
[White "Wassem, Michael"]
[Black "Meyer, Thomas"]
[Result "0-1"]
[WhiteElo "1401"]
[BlackElo "1649"]
[Annotator "ChessOrg"]
[PlyCount "64"]

1. d4 Nf6 2. c4 d5 3. Nc3 e6 4. Nf3 Nbd7 5. Bf4 c6 6. e3 Be7 7. Qc2 O-O 8. Bd3
Re8 9. O-O Nf8 10. Rfe1 Nh5 11. Bg3 Nxg3 12. fxg3 Bf6 13. Rf1 dxc4 14. Bxc4 b5
15. Bd3 Bb7 16. Ne2 a6 17. Nf4 g6 18. Rad1 Bg7 19. Ne5 Bxe5 20. dxe5 Qc7 21.
Qf2 Re7 22. Bb1 Qxe5 23. Nd3 Qc7 24. Qf6 h6 25. Rf2 Nh7 26. Qc3 Rd8 27. Rdf1 e5
28. Nc5 a5 29. Qc2 Bc8 30. Rxf7 Rxf7 31. Qb3 a4 32. Rxf7 Qxf7 0-1

[Event "28.Alpenpokal"]
[Site "?"]
[Date "2002.??.??"]
[Round "6"]
[White "Schumacher, Ursula"]
[Black "Struwecker, Sigurd"]
[Result "1/2-1/2"]
[WhiteElo "1454"]
[BlackElo "1750"]
[Annotator "ChessOrg"]
[PlyCount "76"]

1. c4 c5 2. Nc3 Nc6 3. Nf3 Nf6 4. g3 g6 5. Bg2 Bg7 6. b3 d5 7. cxd5 Nxd5 8. Bb2
O-O 9. O-O Nxc3 10. Bxc3 e5 11. Rc1 Re8 12. d3 Bf5 13. Re1 Rc8 14. Nh4 Bg4 15.
Nf3 Qd7 16. a3 Nd4 17. Nd2 b6 18. Nc4 Be6 19. Nd2 Bd5 20. e4 Be6 21. Bxd4 cxd4
22. a4 Bf8 23. Nc4 f6 24. Re2 b5 25. axb5 Qxb5 26. Ra1 a6 27. Ra5 Qb7 28. Rea2
Rc6 29. R5a4 Rb8 30. Na5 Qb6 31. Nxc6 Bxb3 32. Qxb3+ Qxb3 33. Nxb8 Qxb8 34.
Rxa6 Kg7 35. Ra7+ Kh6 36. Bf1 g5 37. g4 Kg6 38. Ra8 Qb4 1/2-1/2